Balanç del mandat : 2003-2007 / 2003-2007 /
Descripción Física:
101 pàgines ; il·lustracions ; 29 cm
Materias:
Barcelona (Catalunya : Província). -- Àrea de Salut Pública i Consum
; Salut pública -- Barcelona (Província)
Idioma:
Catalán
MARC
| LEADER | 00000nam a2200000uc 4500 | ||
|---|---|---|---|
| 001 | 27014980 | ||
| 008 | s2007||||sp ||||gr|||| ||| ||cat|d | ||
| 040 | |a BGR |b cat | ||
| 110 | |a Barcelona (Catalunya : Província). |b Àrea de Salut Pública i Consum |9 7348 | ||
| 245 | 0 | 0 | |a Balanç del mandat : |b 2003-2007 / |c Àrea de Salut Pública i Consum |
| 260 | |a Barcelona : |b Diputació. Àrea de Salut Publica i Consum, |c abril 2007 | ||
| 300 | |a 101 pàgines ; |c il·lustracions ; |b 29 cm | ||
| 610 | 0 | |a Barcelona (Catalunya : Província). |b Àrea de Salut Pública i Consum |9 7348 | |
| 650 | 0 | |a Salut pública |x Barcelona (Província) |9 49942 | |
| 942 | |c ARXIU |2 udc |n 1 | ||
| 952 | |0 0 |1 0 |4 0 |6 BIB735 |7 1 |9 62584 |a Arxiu |b Arxiu |d 2022-06-30 |o Bib-735 |p 26097 |r 2022-06-30 00:00:00 |w 2022-06-30 |y ARXIU |z Donatiu BGR | ||
| 999 | |c 20505 |d 20505 | ||